El copé de la pintada (Registro nro. 8745)

Detalles MARC
000 -LIDER
fixed length control field 00629nam a22002297a 4500
001 - NÚMERO DE CONTROL
Identificador de número de control 126
003 - IDENTIFICACDOR DE NÚMERO DE CONTROL
control field DO-SdBNP
005 - DATE AND TIME OF LATEST TRANSACTION
control field 20180122112806.0
007 - CAMPOS FIJOS DE DESCRIPCIÓN FÍSICA
fixed length control field 126
008 - ELEMENTOS DE LONGITUD FIJA
fixed length control field 151117b1995 cr 00| 0 spa d
020 ## - ISBN
International Standard Book Number 997747
040 ## - FUENTE DE CATALOGACIÓN
Agencia que crea de manera original el registro BPMSU
Idioma de catalogación spa
Agencia que realiza la transcripción BPMSU
092 ## - LOCALLY ASSIGNED DEWEY DECIMAL CALL NUMBER
Número de clasificación XXXX
Número de ítem (Cutter) XXXX
100 ## - ASIENTO PRINCIPAL -- NOMBRE PERSONAL
Nombre personal R. de Arias, Eulogia
245 13 - MENCIÓN DE TITULO
Título El copé de la pintada
Subtítulo (mi bella y querida patria chica)
Mención de responsabilidad Eulogia R. de Arias
260 ## - PUBLICACIÓN, DISTRIBUCIÓN, ETC. (PIE DE IMPRENTA)
Lugar de publicación, distribución, etc Costa Rica :
Nombre del editor, distribuidor, etc. Litografía e imprenta Lil ;
Fecha de publicación, distribución, etc 1995.
300 ## - DESCRIPCIÓN FÍSICA
Extensión 128 p.
Otros detalles físicos retrs.
Dimensiones 21 cm.
910 ## - VALIDACIÓN
Validación 202
942 ## - ADDED ENTRY ELEMENTS (KOHA)
Source of classification or shelving scheme Dewey Decimal Classification
Koha item type Libros
945 ## - INFORMACIÓN DE PROCESAMIENTO LOCAL
Información de procesamiento local Inventariado extranjero / 2018 VM
956 ## - LOCAL ELECTRONIC LOCATION AND ACCESS (OCLC)
Nombre de host Yngrid E. Lockward E.
Existencias
Withdrawn status Lost status Source of classification or shelving scheme Damaged status Not for loan Collection code Home library Current library Date acquired Source of acquisition Total Checkouts Barcode Date last seen Price effective from Koha item type
    Dewey Decimal Classification     Colección General Biblioteca Pública Metropolitana Salomé Ureña Biblioteca Pública Metropolitana Salomé Ureña 11/17/2015 FUNDI   BPMSU15110308 11/17/2015 11/17/2015 Libros